| 000 | 00682nam a22001937a 4500 | ||
|---|---|---|---|
| 005 | 20180410172828.0 | ||
| 010 | _aB-690714-715 | ||
| 020 |
_c395.00 _a9788189297534 |
||
| 020 |
_c395.00 _a8189297538 |
||
| 037 | _bPUB | ||
| 100 | _aGandhi, M.K. | ||
| 245 |
_aThe essence of hinduism / _cby M.K. Gandhi |
||
| 260 |
_aDelhi _bFarsight Publihsers & Distributors _c2009 |
||
| 270 |
_aS-16, Naveen Shahdara _bDelhi _e110032 |
||
| 300 |
_a256p.; _c22cm(Hb) |
||
| 500 | _aBalidani | ||
| 942 |
_2ddc _cEN _mGAN _h230 |
||
| 999 |
_c151002 _d151002 |
||